| 000 | 00913nam a2200217Ia 4500 | ||
|---|---|---|---|
| 001 | 2029 | ||
| 005 | 20260422111546.0 | ||
| 008 | 260306t2020||||xx |||||||||||||| ||spa|| | ||
| 041 | _aESP | ||
| 082 |
_a611.01 _bC28 |
||
| 100 |
_aCarlson, Bruce M., _eAUT |
||
| 245 | 0 | _aEmbriología humana y biología del desarrollo | |
| 260 | _c2020 | ||
| 300 |
_a479 páginas : _c28 cm. |
||
| 650 | _aGEN | ||
| 654 | _aCCS | ||
| 856 |
_uhttps://0u216xhg7-y-https-accessmedicina-mhmedical-com.itmsp.museknowledge.com/book.aspx?bookid=1476 _zVéase además: Biología del desarrollo. Versión digital |
||
| 856 |
_uhttps://0u216xhg7-y-https-accessmedicina-mhmedical-com.itmsp.museknowledge.com/ _zVéase además: Base de datos McGraw Hill Access Medicina |
||
| 856 |
_uhttps://0u23fxhhl-y-https-www-clinicalkey-com.itmsp.museknowledge.com/student/login _zVéase además: Base de datos ClinicalKey |
||
| 942 |
_cLIB _dJUS _fJUS _2ddc |
||
| 999 |
_c2029 _d2029 |
||